Problémy strategického riadenia Pomoc rozhodovaniu na mikroúrovni

Chápanie stratégie ako dlhodobého komplexného programu riešenia kľúčových otázok podnikového rozvoja. Návyky a strategické myslenie. Vzájomná nadväznosť strategického, taktického a operatívneho riadenia v podnikoch. Predpoklady uplatňovania strategického riadenia. Práca s prognózami, ktoré sú východ...

Ausführliche Beschreibung

Gespeichert in:
Bibliographische Detailangaben
1. Verfasser: Zolgerová, V.
Format: Buchkapitel
Sprache:Slowakisch
Schlagworte:
Tags: Tag hinzufügen
Keine Tags, Fügen Sie das erste Tag hinzu!

MARC

LEADER 00000naa a2200000 4500
001 r016920
005 20221213100545.1
041 0 |a slo 
044 |a SK 
245 1 0 |a Problémy strategického riadenia  |b Pomoc rozhodovaniu na mikroúrovni  |c V. Zolgerová 
520 |a Chápanie stratégie ako dlhodobého komplexného programu riešenia kľúčových otázok podnikového rozvoja. Návyky a strategické myslenie. Vzájomná nadväznosť strategického, taktického a operatívneho riadenia v podnikoch. Predpoklady uplatňovania strategického riadenia. Práca s prognózami, ktoré sú východiskom pri tvorbe návrhov podnikovej stratégie. Predvídateľné a nepredvídateľné problémy. Súhrn problémov s uplatnením strategického riadenia v praxi. 
610 2 0 |a riadenie strategické 
610 2 0 |a rozhodovanie strategické 
610 2 0 |a stratégia podniková 
610 2 0 |a riadenie podnikové 
610 2 0 |a prognózy 
100 1 |a Zolgerová, V.